OsamaSon - Jump Out (Bonus Tracks) (Tracklist) - Statistics

General Stats
  • This quiz has been taken 244 times
  • The average score is 12 of 20
Answer Stats
Hint Answer % Correct
4 Made Sum Plans
82%
7 Jumpout
74%
20 Luv
74%
16 Ref
74%
1 Southside
72%
19 Logo
69%
11 Waffle House
63%
2 Fool
61%
6 Room 156
58%
18 Round Of Applause
56%
3 GTFO The Room
55%
15 Mufasa
55%
17 The Whole World Is Free
55%
14 Frontin
53%
9 She Need A Ride
51%
10 New Tune
49%
13 Insta
47%
12 I Got The Fye
44%
5 Break Da News
43%
8 Going Dumbo
37%
No matching quizzes found
Score Distribution
Percent of People with Each Score
Percentile by Number Answered
Your Score History
You have not taken this quiz